Guess the Language #8 - Statistics

General Stats
  • This quiz has been taken 410 times
  • The average score is 3 of 10
Answers on the Map
Answers color-coded by a green-red scale on the quiz's map according to % correct below.
 
Answer Stats
Language % Correct
Ancient {Egyptian}
91%
Swedish
68%
Tagalog
60%
Azerbaijani
38%
Proto-{Indo-European}
35%
Cherokee
32%
Classic {Taíno}
17%
Tokelauan
2%
Sandawe
1%
Xerénte
1%
No matching quizzes found
Score Distribution
Percent of People with Each Score
Percentile by Number Answered
Your Score History
You have not taken this quiz